Oracle database administration for Microsoft SQL server DBAs

"Use your SQL Server experience to set up and maintain a high-performance Oracle Database environment. Written by a DBA with expertise in both platforms, Oracle Database Administration for Microsoft SQL Server DBAs illustrates each technique with clear explanations, examples, and comparison tab...

Täydet tiedot

Tallennettuna:
Bibliografiset tiedot
Päätekijä: Malcher, Michelle.
Aineistotyyppi: Kirja
Kieli:English
Julkaistu: New York Oracle Press/McGraw-Hill 2011
Aiheet:
Tagit: Lisää tagi
Ei tageja, Lisää ensimmäinen tagi!
Thư viện lưu trữ: Mạng thư viện Đại học Đà Nẵng
LEADER 01732nam a2200337 4500
001 000021271
003 17718
005 20150416140434.0
008 150416s2011 engsd
020 |a 0071744312 (pbk.)  |a 9780071744317 (pbk.) 
041 0 |a eng 
082 1 4 |a 005.7565|222  |b MA-M 
100 1 |a Malcher, Michelle.  |q (Martin Stuart) 
245 1 0 |a Oracle database administration for Microsoft SQL server DBAs  |c Michelle Malcher 
260 |a New York  |b Oracle Press/McGraw-Hill  |c 2011 
300 |a xiv, 334 p.  |b ill.  |c 23 cm. 
500 |a Includes index. 
520 |a "Use your SQL Server experience to set up and maintain a high-performance Oracle Database environment. Written by a DBA with expertise in both platforms, Oracle Database Administration for Microsoft SQL Server DBAs illustrates each technique with clear explanations, examples, and comparison tables. Get full details on Oracle Database internals, creation assistants, management techniques, and query tools. High availability, disaster recovery, and security procedures are also extensively covered in this comprehensive Oracle Press guide"-- |c Provided by publisher. 
650 0 4 |a Database management. 
650 0 4 |a SQL/ORACLE (Computer program language) 
653 |a Tin học 
OWN |a LSP 
AVA |a UDN50  |b LSP  |d 005.7565|222 MA-M  |e available  |t Error 5001 Not defined in file expand_doc_bib_avail.  |f 1  |g 0  |h N  |i 0  |k 1 
999 |a From the UDN01 
AVA |a UDN50  |b LSP  |d 005.7565|222 MA-M  |e available  |t Error 5001 Not defined in file expand_doc_bib_avail.  |f 1  |g 0  |h N  |i 0  |k 1 
TYP |a Monograph 
TYP |a Printed language 
980 |a Mạng thư viện Đại học Đà Nẵng